Ricostruisci la Carriera del Calciatore - Gianluca Zambrotta - Statistics

Statistiche generali
  • Questo quiz è stato fatto 12 volte
  • Il punteggio medio è 5 su 6
Statistiche sulle risposte
Hint Risposta % Corretto
2008-2012 Milan
91%
2006-2008 Barcellona
82%
1999-2006 Juventus
82%
1997-1999 Bari
73%
2013 Chiasso
73%
1994-1997 Como
55%
Nessun quiz corrispondente trovato
Distribuzione punteggi
Percentuale di utenti per punteggio
Percentile per numero di risposta
I tuoi punteggi nel tempo
Non hai fatto questo quiz